| 000 | 00404 a2200145 4500 | ||
|---|---|---|---|
| 003 | Nust | ||
| 005 | 20170207153215.0 | ||
| 040 | _cNust | ||
| 082 | _a005.8 | ||
| 100 | _aRehman , Ur Zaka MSIS | ||
| 245 |
_aTazonomy of cryptanalysis in pakistan based on the experience of allied cryptanalysis efforts during world war-II _cZaka Ur Rehman MSIS |
||
| 260 |
_bMCS _c1999 |
||
| 300 | _a126p | ||
| 650 | _aMSIS Thesis | ||
| 942 | _cTHS | ||
| 999 |
_c181539 _d181539 |
||